MARC

LEADER 00000nam0a2200000 4500
001 149842
005 20231031150030.0
020 |a RU  |b 85-61225 
035 |a (RuTPU)RU\TPU\book\162447 
035 |a RU\TPU\book\161361 
090 |a 149842 
100 |a 20081223g1985 m y0rusy5003 ca 
101 0 |a rus 
102 |a RU 
105 |a a z 000ay 
200 1 |a Новочеркасск  |e Роман-дилогия  |h Т. 1  |i Кн.1, 2  |f Г. А. Семенихин  |g худож. Н. А. Абакумов 
210 |a Москва  |c Воениздат  |d 1985 
215 |d 21 см  |a 591 с.  |c ил., 1 л. портр. 
610 1 |a Казачество донское 
610 1 |a Новочеркасск - История 
610 1 |a советская литература 
610 1 |a романы 
675 |a Р2  |z rus 
700 1 |a Семенихин  |b Г. А.  |g Геннадий Александрович  |4 070 
702 1 |a Абакумов  |b Н. А.  |4 440 
801 0 |a RU  |b RuMRKP  |c 19950704  |g psbo 
801 1 |a RU  |b 63413507  |c 20081209  |g PSBO 
801 2 |a RU  |b 63413507  |c 20081223  |g PSBO 
942 |c BK